00459 2200169 4500001002100000005001500021035002000036245006000056100001500116250001700131300003200148260003500180082001100215084001700226020002200243650002400265INLIS00000000000076620241025072739 a0010-10240000591 aEnsiklopedia Fisika :bListrik dan Magnet /cAgus Salam0 aAgus Salam aCetakan ke-1 aiv, 44 hlm :bIlus ;c30 cm aJakarta :bGaneca exact,c2007 a530.03 a530.03 AGU e a978-979-571-394-4 4aEnsiklopedia Fisika